Dalla Caduta Dell'impero Romano Al Secolo Xvii La storia politica e sociale

-д хадгалсан:
Номзүйн дэлгэрэнгүй
Формат: Ном
Хэл сонгох:Тодорхойгүй
Хэвлэсэн: Giulio Enaudi Editore
Шошгууд: Шошго нэмэх
Шошго байхгүй, Энэхүү баримтыг шошголох эхний хүн болох!

MARC

LEADER 00000nam a2200000Ia 4500
001 R-203
003 CODICE-MESSINA
005 20260212102448.0
008 260211s9999 xx 000 0 und d
040 |c importazione_messina 
245 0 |a Dalla Caduta Dell'impero Romano Al Secolo Xvii 
245 0 |b La storia politica e sociale 
260 |b Giulio Enaudi Editore 
942 |2 ddc  |c BK 
952 |0 0  |1 0  |2 ddc  |4 0  |6 SCAFFALE_3_000000000000000__LETTERATURA  |7 0  |9 31024  |a ME  |b ME  |d 2026-02-11  |l 0  |o SCAFFALE 3 - LETTERATURA  |p R-203  |r 2026-02-11 23:52:17  |w 2026-02-11  |x [REVISIONARE]  |y BK 
999 |c 26686  |d 26686